000
00296nam a22001097a 4500
020
_a
978-1260143249
082
_a
621.3815
_b
MON
245
_a
Programming Arduino Next Steps: Going Further with Sketches /
_c
Simon Monk
260
_b
McGraw Hill TAB,
_c
2018.
300
_a
296p. ;
942
_2
ddc
_c
BK
999
_c
615096
_d
615096